000 01081cam a22001934a 4500
005 20250605163940.0
008 250528s ||||||||||||||||||||||||d
035 _a14996
040 _aGR-AtMCL
_bgre
_dGR-AtMCL
_eAACR2
245 1 _aΑλγόριθμοι και Τεχνικές Προγραμματισμού / Βασικές Λογιστικές Δομές, Πίνακες, Αρχεία, Τμηματικός Προγραμματισμός, Ιεραρχική Σχεδίαση
260 _c1990
300 _a296
520 _aΕισαγωγή, Δομημένος Προγραμματισμός, Σειριακή Δομή, Δομές Επιλογής, Επαναληπτική Διαδικασία, Βρόγχος, Πίνακες, Αρχεία, Διακόπτες, Τμηματικός Προγραμματισμός, Προγράμματα, Ιεραρχική Σχεδίαση, Βιβλιογραφία.
700 1 _aΖαχαροπουλος Στρατος
_9824
700 1 _aΧωραττιδης Χριστος
_9825
942 _cBK
999 _c603
_d603